Made For Me - Muni Long - All Lyrics - Statistics

General Stats
  • This quiz has been taken 20 times
  • The average score is 228 of 273
Answer Stats
Answer % Correct
been?
100%
have
100%
I
100%
like
100%
me
100%
me)
100%
me,
100%
Mm
100%
mm
100%
Nobody
100%
(Nobody)
100%
(Nobody,
100%
Oh
100%
Where
100%
yeah,
100%
you
100%
You
100%
you,
100%
Can’t
92%
can't
92%
Can't
92%
do
92%
for
92%
go
92%
I'm
92%
(I'm
92%
know
92%
love
92%
made
92%
Made
92%
this
92%
This
92%
this)
92%
were
92%
even
85%
every
85%
eyes,
85%
gon'
85%
in
85%
it,
85%
it
85%
It
85%
knows
85%
my
85%
never
85%
on
85%
time
85%
to
85%
your
85%
Body
77%
body,
77%
deny
77%
how
77%
is
77%
look
77%
lyin',
77%
lyin’
77%
of
77%
One
77%
quite
77%
skin
77%
The
77%
the
77%
try
77%
Twin
77%
again
69%
(Again,
69%
but
69%
Don’t
69%
if
69%
that
69%
thought
69%
was
69%
would
69%
yeah)
69%
yeah,
69%
feel
62%
had
62%
(Just
62%
Just
62%
perfume
62%
smell
62%
what
62%
without
62%
help
54%
into
54%
moment
54%
put
54%
Said
54%
surreal
54%
words
54%
around
46%
immune
46%
see
46%
way
46%
before
38%
'cause
38%
did
38%
room
38%
Think
38%
traces
38%
care
31%
day
31%
feelings
31%
get
31%
Lookin'
31%
(Only
31%
ain't
23%
knew
23%
rare
15%
No matching quizzes found
Score Distribution
Percent of People with Each Score
Percentile by Number Answered
Your Score History
You have not taken this quiz